000
00315nam a2200121Ia 4500
008
190216s9999||||xx |||||||||||||| ||und||
100
_a
Albert Paul Malvino
245
0
_a
Malvino Electronic Priciples
250
_a
6th Ed.
260
_b
Tata Mcgraw Hill Publishing Company Ltd
_c
2002
300
_a
1011
942
_c
BK
999
_c
30340
_d
30340